Golden fleece and the heroes who lived before Achilles / (Record no. 360312)
[ view plain ]
| 000 -LEADER | |
|---|---|
| fixed length control field | 00714nam a2200253Ia 4500 |
| 008 - FIXED-LENGTH DATA ELEMENTS--GENERAL INFORMATION | |
| fixed length control field | 181129s9999 xx 000 0 und d |
| 020 ## - INTERNATIONAL STANDARD BOOK NUMBER | |
| International Standard Book Number | 9780590436847 |
| 050 ## - LIBRARY OF CONGRESS CALL NUMBER | |
| Item number | C726 1990 |
| 100 ## - MAIN ENTRY--PERSONAL NAME | |
| Personal name | Colum, Padraic |
| 245 #0 - TITLE STATEMENT | |
| Title | Golden fleece and the heroes who lived before Achilles / |
| 245 #0 - TITLE STATEMENT | |
| Statement of responsibility, etc | by Padraic Colum ; illustrated by Willy Pogany. |
| 260 ## - PUBLICATION, DISTRIBUTION, ETC. (IMPRINT) | |
| Place of publication, distribution, etc | New York, NY : |
| 260 ## - PUBLICATION, DISTRIBUTION, ETC. (IMPRINT) | |
| Name of publisher, distributor, etc | Scholastic, |
| 260 ## - PUBLICATION, DISTRIBUTION, ETC. (IMPRINT) | |
| Date of publication, distribution, etc | 1990 |
| 300 ## - PHYSICAL DESCRIPTION | |
| Extent | 316 pages : |
| 300 ## - PHYSICAL DESCRIPTION | |
| Other physical details | illustrations ; |
| 300 ## - PHYSICAL DESCRIPTION | |
| Dimensions | 19cm. |
| 650 ## - SUBJECT ADDED ENTRY--TOPICAL TERM | |
| Topical term or geographic name as entry element | Argonauts (Greek mythology). |
| 650 ## - SUBJECT ADDED ENTRY--TOPICAL TERM | |
| Topical term or geographic name as entry element | Jason (Mythological character). |
| 650 ## - SUBJECT ADDED ENTRY--TOPICAL TERM | |
| Topical term or geographic name as entry element | Mythology, Classical. |
| 650 ## - SUBJECT ADDED ENTRY--TOPICAL TERM | |
| Topical term or geographic name as entry element | Mythology, Greek. |
| 700 ## - ADDED ENTRY--PERSONAL NAME | |
| Personal name | Pogany, Will. |
| 700 ## - ADDED ENTRY--PERSONAL NAME | |
| Personal name | Title. |
| Withdrawn status | Lost status | Damaged status | Home library | Current library | Shelving location | Date acquired | Total Checkouts | Full call number | Barcode | Date last seen | Price effective from | Koha item type |
|---|---|---|---|---|---|---|---|---|---|---|---|---|
| Stonyhurst Southville International School (Malarayat) | Stonyhurst Southville International School (Malarayat) | 11/29/2018 | GS FIC C726 1990 | SSISM6096 | 11/29/2018 | 11/29/2018 | Books |